000 01053cam a2200289 a 4500
001 2142954
003 ARRUPE
005 20150121173752.0
008 980701s1999 enka b 001 0 eng
010 _a 98029309
020 _a1852330562 (pbk. : alk. paper)
040 _aDLC
_cDLC
_dDLC
050 0 0 _aQA248
_b.C17 1999
082 0 0 _a511.3/22
_221
100 1 _aCameron, Peter J.
_q(Peter Jephson),
_d1947-
_914004
245 1 0 _aSets, logic, and categories /
_cPeter J. Cameron.
260 _aLondon ;
_aNew York :
_bSpringer,
_cc1999.
300 _ax, 180 p. :
_bill. ;
_c24 cm.
440 0 _aSpringer undergraduate mathematics series
_914005
504 _aIncludes bibliographical references (p. 175-176) and index.
650 0 _aSet theory.
_913923
650 0 _aLogic, Symbolic and mathematical.
_914006
650 0 _aCategories (Mathematics)
_914007
906 _a7
_bcbc
_corignew
_d1
_eocip
_f19
_gy-gencatlg
942 _2lcc
_cMONOGRAPH
999 _c121686
_d121686